000
00320nam a2200133Ia 4500
005
20251222155057.0
008
251222s9999||||xx |||||||||||||| ||spa||
082
_a
DIC.28
100
_a
Claudio Alarco Von
245
0
_a
Diccionario de psicologĂa individual
250
_a
1ra. ed.
264
_b
SĂntesis
942
_c
LIB
999
_c
37501
_d
37501